Précis historique de Phonetique française / (Record no. 35939)

MARC details
000 -LEADER
campo de control de longitud fija 00771nam a2200217 i 4500
001 - NÚMERO DE CONTROL
campo de control 35939
003 - IDENTIFICADOR DE NÚMERO DE CONTROL
campo de control ES-MaACL
005 - FECHA Y HORA DE LA ÚLTIMA TRANSACCIÓN
campo de control 20230906155242.0
007 - CAMPO FIJO DE DESCRIPCIÓN FÍSICA--INFORMACIÓN GENERAL
campo de control de longitud fija t|
008 - DATOS DE LONGITUD FIJA--INFORMACIÓN GENERAL
campo de control de longitud fija 030214s1937 fr ||||1| fre d
100 1# - ENTRADA PRINCIPAL--NOMBRE DE PERSONA
Nombre de persona Bourcier, Edouard.
9 (RLIN) 30951
245 10 - MENCIÓN DEL TÍTULO
Título Précis historique de Phonetique française /
Mención de responsabilidad, etc. par Edouard Bourcier.
250 ## - MENCION DE EDICION
Mención de edición 8eme ed., rev. et corr.
260 ## - PUBLICACIÓN, DISTRIBUCIÓN, ETC.
Lugar de publicación, distribución, etc. París :
Nombre del editor, distribuidor, etc. C. Klincksieck,
Fecha de publicación, distribución, etc. 1937 (
Fabricante Les Procédes Dorel)
300 ## - DESCRIPCIÓN FÍSICA
Extensión XLVII, 333 p. ;
Dimensiones 18 cm.
490 1# - MENCIÓN DE SERIE
Mención de serie Nouvelle collection áa l'usage des classes. Le conde. Serie III
650 #4 - PUNTO DE ACCESO ADICIONAL DE MATERIA--TÉRMINO DE MATERIA
Término de materia o nombre geográfico como elemento de entrada Lengua francesa-
Subdivisión general Fonética.
9 (RLIN) 141023
830 0# - PUNTO DE ACCESO ADICIONAL DE SERIE-TÍTULO UNIFORME
Título uniforme Nouvelle collection áa l'usage des classes. Le conde. Serie III
9 (RLIN) 229557
852 ## - LOCALIZACIÓN
Ubicación ES-MaACL
Número de control de estantería G-4580
Sublocalización o colección R.23810
Holdings
Estatus retirado Estado de pérdida Estado de daño No para préstamo Biblioteca de origen Biblioteca actual Ubicación en estantería Fecha de adquisición Fuente de adquisición Total de préstamos Signatura topográfica completa Código de barras Visto por última vez Precio de reemplazo Tipo de ítem Koha
        Biblioteca del Ateneo de Madrid Biblioteca del Ateneo de Madrid Depósito 2 17/01/2008     G-4580 1037674 23/02/2023 23/02/2023 Libro impreso